000 00740nam a2200205 i 4500
001 172975
003 ES-MaACL
005 20230906215108.0
008 090928s1969 fr |||| | fre d
100 1 _aMérimée, Prosper (
_d1803-1870)
_980507
245 1 3 _aLa Vénus d'Ille
_b; Carmen /
_cMérimée ; avec une notice biographique,... historique et littéraire,... par Jean Brunel.
260 _aParis :
_bLarousse,
_c1969.
300 _a158 p. :
_bil. ;
_c17 cm.
490 1 _aNouveaux classiques Larousse
700 1 _aBrunel, Jean.
_9141422
740 0 _aCarmen.
830 0 _aNouveaux classiques Larousse
_9186641
852 4 _aES-MaACL
_jE-13011
_9R.139358
_z. - Biblioteca Jacinto Martínez Lacalle
999 _c172975
_d172975